ZIRCONIA IN PROSTHDONTICS (Record no. 7594)

MARC details
000 -LEADER
fixed length control field 00247nam a2200109Ia 4500
008 - FIXED-LENGTH DATA ELEMENTS--GENERAL INFORMATION
fixed length control field 150531s2013 xx 000 0 und d
100 ## - MAIN ENTRY--PERSONAL NAME
Personal name SURI, SHREY
245 ## - TITLE STATEMENT
Title ZIRCONIA IN PROSTHDONTICS
260 ## - PUBLICATION, DISTRIBUTION, ETC. (IMPRINT)
Date of publication, distribution, etc. 2013
650 ## - SUBJECT ADDED ENTRY--TOPICAL TERM
Topical term or geographic name as entry element DENTISTRY
942 ## - ADDED ENTRY ELEMENTS (KOHA)
Source of classification or shelving scheme Dewey Decimal Classification
Koha item type Thesis/Dissertation

No items available.